000
00229nam a2200097Ia 4500
001
719941
005
20250826163222.0
008
250824s9999 xx 000 0 und d
245
0
_a
ZOR OYUN
_c
HARLAN COBEN
260
_b
MARTI YAYINLARI
999
_c
719941
_d
719941